00141nam a22000617a 4500100001800000245003000018260003100048 aRussell Hoban aBread and Jam for Frances aNew YorkbScholasticc1964